Manažerské rozhodování v marketingu

Členenie manažmentu marketingovej firmy na: manažmet CRM a manažment ERP. Spracovanie deskriptívnych dát marketingových prípadov. Štandardné marketingové prípady. Reálne marketingové prípady. Skúmanie aktivít manažmentu marketingovej firmy. Žurnál marketingových aktivít. Aplikácia marketingového výs...

Full description

Saved in:
Bibliographic Details
Main Author: Smrčka, František
Format: Book Chapter
Language:Czech
Subjects:
Tags: Add Tag
No Tags, Be the first to tag this record!

MARC

LEADER 00000nla a2200000 4500
001 0162239
005 20220729111346.6
041 0 |a cze 
044 |a CZ 
245 1 0 |a Manažerské rozhodování v marketingu  |c František Smrčka 
520 |a Členenie manažmentu marketingovej firmy na: manažmet CRM a manažment ERP. Spracovanie deskriptívnych dát marketingových prípadov. Štandardné marketingové prípady. Reálne marketingové prípady. Skúmanie aktivít manažmentu marketingovej firmy. Žurnál marketingových aktivít. Aplikácia marketingového výskumu. 
610 2 0 |a marketing 
610 2 0 |a systémy informačné podnikové 
610 2 0 |a báza dát 
610 2 0 |a manažment 
610 2 0 |a rozhodovanie manažérske 
610 2 0 |a výskum marketingový 
100 1 |a Smrčka, František